000 00919nam a2200265Ia 4500
005 20250425162128.0
008 250425s9999 xx 000 0 und d
020 _a8449414113
041 _aspa
082 _a630
100 _aGRUPO EDITORIAL, OCEANO
245 0 _aENCICLOPEDIA PRACTICA DE LA AGRICULTURA Y L A GANADERIA
250 _a1A ED.
260 _aBARCELONA
260 _aEspaña
_bOCEANO
_c1950
300 _a1032
500 _aEN CIBGZ-FIMCP D-30572 PARA ING. AGROP.
520 _aLA AGRICULTURA Y LA GANADERIA, QUE COMENZARON A DESARROLLARSE AL FINAL DEL PALEOLITICO SUPERIOR, HACE UNOS DIEZ MIL AÑOS, DIERON ORIGEN A UNA VERDADERA REVOLUCION CULTURAL DURANTE EL NEOLITICO; ESTA FASE SE PRODUJO CASI SIMULTANEAMENTE EN DISTINTAS PARTE
650 _aAGRICULTURA
650 _aENCICLOPEDIAS
650 _aGANADERIA
710 _aOCEANO GRUPO EDITORIAL
942 _c01
010 _a51710
999 _c222903
_d222903